000 00654cam a22002293a 4500
001 22978
003 PGUSA
005 20140828083505.0
008 071001s2007||||xxu|||||s|||||000 e eng d
040 _aPGUSA
_beng
042 _adc
050 4 _aPR
100 1 _aBacon, Francis,
_d1561-1626
245 1 4 _aThe Essays of Francis Bacon
_h[electronic resource] /
_cFrancis Bacon
260 _bProject Gutenberg,
_c2007
506 _aPublic domain in the USA.
516 _aElectronic text
653 _aEnglish essays -- Early modern, 1500-1700
830 0 _aProject Gutenberg
_v22978
856 4 0 _uhttp://www.gutenberg.org/ebooks/22978
942 _cEB
999 _c252233
_d252233